| 000 | 00522nam a2200217Ia 4500 | ||
|---|---|---|---|
| 003 | OSt | ||
| 005 | 20250719125851.0 | ||
| 008 | 210210b2018 xxu||||| |||| 00| 0 eng d | ||
| 020 | _a9788184875591 | ||
| 040 | _cAL | ||
| 041 | _aeng | ||
| 082 | _a547.59 AHLH | ||
| 100 |
_aAhluwalia V K _966050 |
||
| 245 | _aHeterocyclic chemistry | ||
| 250 | _a Rev Ed | ||
| 260 |
_aNew Delhi _bNarosa Publishing House _c2018 |
||
| 300 | _axiii,356p | ||
| 690 |
_aOrganic Chemistry _966051 |
||
| 906 | _a073038 | ||
| 942 |
_2ddc _cBK |
||
| 999 |
_c122861 _d122861 |
||